Statistics for Guinea Country Quiz

Click here to take the quiz!

General Stats

  • This quiz has been taken 21 times
  • The average score is 4 of 7

Answer Stats

HintAnswer% Correct
CurrencyFranc
88%
second largest cityNzerekore
63%
Highest pointMt. NImba
50%
Longest RiverNiger River
50%
Rock produced (Important in iron ore)Bauxite
50%
Third largest cityKindia
38%
River north of ConakryKonkoure River
38%

Score Distribution

Percentile by Number Answered

Percent of People with Each Score

Your Score History

You have not taken this quiz